[Event "Porto San Giorgio op 23rd"]
[Site "Porto San Giorgio"]
[Date "2011.08.23"]
[Round "4"]
[White "Caldarola, Stefano"]
[Black "Mazzarella, Antonio"]
[Result "1/2-1/2"]
[WhiteElo "1809"]
[BlackElo "2028"]
[PlyCount "57"]
[EventDate "2011.08.21"]
[EventType "swiss"]
[EventRounds "9"]
[EventCountry "ITA"]
[SourceTitle "CBM 144 Extra"]
[Source "ChessBase"]
[SourceDate "2011.10.28"]
[SourceVersion "1"]
[SourceVersionDate "2011.10.28"]
[SourceQuality "1"]

1. d4 d5 2. c4 e6 3. Nf3 Nf6 4. g3 Bb4+ 5. Bd2 Be7 6. Bg2 0-0 7. Bc3 c5 8. 0-0 Nc6 9. Nbd2 Rb8 10. b3 Ne4 11. Bb2 Nxd2 12. Nxd2 dxc4 13. dxc5 Bxc5 14. Nxc4 Qxd1 15. Rfxd1 f6 16. Nd6 Rd8 17. Nxc8 Rbxc8 18. e3 Bb6 19. Bf1 Kf7 20. Bb5 Ne7 21. Bc4 Rxd1+ 22. Rxd1 Rd8 23. Rxd8 Bxd8 24. Kf1 Nc8 25. Ke2 Nd6 26. Bd3 h6 27. Bd4 b6 28. Bc3 Be7 29. f4 1/2-1/2

[Event "Campobasso op-A 17th"]
[Site "Campobasso"]
[Date "2010.07.22"]
[Round "1"]
[White "Mazzarella, Antonio"]
[Black "D'Aquino, Ugo"]
[Result "1/2-1/2"]
[WhiteElo "2018"]
[BlackElo "1653"]
[PlyCount "50"]
[EventDate "2010.07.22"]
[EventType "swiss"]
[EventRounds "6"]
[EventCountry "ITA"]
[SourceTitle "EXT 2013"]
[Source "ChessBase"]
[SourceDate "2012.11.22"]
[SourceVersion "1"]
[SourceVersionDate "2012.11.22"]
[SourceQuality "1"]

1. d4 f5 2. g3 e6 3. Bg2 Nf6 4. Nc3 d5 5. Nf3 c6 6. Bg5 Bd6 7. Ne5 Nbd7 8. Nxd7 Bxd7 9. Qd3 0-0 10. 0-0 h6 11. Bf4 Be7 12. Rae1 g5 13. Be5 Ng4 14. f3 Nxe5 15. dxe5 c5 16. e3 Rc8 17. Ne2 b5 18. c3 Qc7 19. f4 g4 20. Rd1 Bc6 21. a3 a5 22. Rc1 a4 23. Rfd1 h5 24. h4 Rfd8 25. Kh2 Qb7 1/2-1/2

[Event "Positano op-A"]
[Site "Positano"]
[Date "2008.10.26"]
[Round "1"]
[White "Mazzarella, Antonio"]
[Black "Dragojlovic, Andjelko"]
[Result "0-1"]
[WhiteElo "2085"]
[BlackElo "2393"]
[PlyCount "100"]
[EventDate "2008.10.26"]
[EventType "swiss"]
[EventRounds "9"]
[EventCountry "ITA"]
[SourceTitle "EXT 2011"]
[Source "ChessBase"]
[SourceDate "2010.11.26"]
[SourceVersion "1"]
[SourceVersionDate "2010.11.26"]
[SourceQuality "1"]

1. d4 Nf6 2. c4 g6 3. Nc3 d5 4. cxd5 Nxd5 5. e4 Nxc3 6. bxc3 Bg7 7. Bc4 c5 8. Ne2 0-0 9. 0-0 Nc6 10. Be3 Qc7 11. dxc5 Ne5 12. Bd5 Ng4 13. Bf4 Qxc5 14. Rc1 Ne5 15. Qd4 Nf3+ 16. gxf3 Bxd4 17. cxd4 Qa5 18. Rfd1 e6 19. Bc7 Qa6 20. Bc4 b5 21. Bd3 Bd7 22. e5 Bc6 23. Bd6 Rfc8 24. Nc3 Bxf3 25. Bxb5 Qb7 26. Re1 Rxc3 27. Rxc3 Qxb5 28. Rxf3 Qd5 29. Rb3 Qxd4 30. Reb1 h5 31. a3 Rc8 32. Rb8 Rxb8 33. Rxb8+ Kg7 34. Bf8+ Kh7 35. Bd6 g5 36. Rf8 Kg7 37. Rb8 g4 38. Kg2 a5 39. Kg3 Kg6 40. Rg8+ Kf5 41. Rf8 Qf4+ 42. Kg2 Qf3+ 43. Kg1 Kg6 44. Rh8 f5 45. Rg8+ Kh7 46. Rf8 h4 47. Rf7+ Kg8 48. Rf6 f4 49. Rf8+ Kg7 50. Re8 Qd1+ 0-1